An introduction to the phenomenological theory of ferroelectricity,

Saved in:
Bibliografiske detaljer
Hovedforfatter: Grindlay, J., 1933-
Format: Bog
Sprog:English
Udgivet: Oxford, New York, Pergamon Press [1970]
Udgivelse:[1st ed.]
Serier:International series of monographs in natural philosophy, v. 26
Fag:
LEADER 01089nam a2200289 4500
001 c000119204
003 CARM
005 00000000000000.0
008 700108s1970 enka b 00110 eng
010 |a 72090455 //r932 
019 1 |a 593486  |z 57993387  |5 LACONCORD2021 
020 |a 0080063624 
035 |a (OCoLC)46789  |5 LACONCORD2021 
050 0 0 |a QC595  |b .G73 1970 
082 0 0 |a 537.2/44 
100 1 |a Grindlay, J.,  |d 1933- 
245 1 3 |a An introduction to the phenomenological theory of ferroelectricity,  |c by J. Grindlay. 
250 |a [1st ed.] 
260 |a Oxford,  |a New York,  |b Pergamon Press  |c [1970] 
300 |a xiii, 255 p.  |b illus.  |c 22 cm. 
490 0 |a International series of monographs in natural philosophy,  |v v. 26 
504 |a Bibliography: p. 245-246. 
650 0 |a Ferroelectricity. 
650 0 |a Phenomenological theory (Physics) 
852 8 |b CARM  |h A2:AE24B0  |i B00622  |p 0032142  |f BK 
999 f f |i c60f9b80-e400-5877-a8fa-f183efe1cf0e  |s b385e348-45ba-5716-a071-24001ceccf24 
952 f f |p Can circulate  |a CAVAL  |b CAVAL  |c CAVAL  |d CARM 1 Store  |e B00622  |f A2:AE24B0  |h Other scheme  |i book  |m 0032142